000 00753nam a2200181zi 4500
999 _c26931
_d54929
005 20180109083613.0
020 _a978-2-03-587179-4
037 _aBC_702 87
_faut
040 _aBC-ENSA
_bfre
041 _afre
100 _aGOUTIER, Jérôme
245 _aBoutures, semis et greffes
_bmultiplier les plantes, outillage, graines et semis, marcotter des grimpantes, écussonner un rosier, rajeunir un fruitier
_pThe propagation specialist
260 _aParis
_bLarousse
_c2008
300 _a80 p.
_bcouv. ill. en coul., ill. en coul.
_c24 cm
562 _e01 exemplaire
942 _c09
653 _aBOUTURE/SEMIS DIRECT/GREFFAGE/MULTIPLICATION DES PLANTES/GRAINE/MARCOTTAGE/PLANTE GRIMPANTE/ROSA/PLANTE FRUITIERE/PRATIQUE CULTURALE